000 00293nam a22001337a 4500
008 171011b xxu||||| |||| 00| 0 eng d
020 _a9781556911842
041 _aeng
080 _23RD
_a316
100 _a50
101 _aSOC
245 _aIF YOU ARE RAPED
_cJOHNSON..K.M
942 _2udc
_cBK
999 _c33117
_d33117